Set theory /
Guardado en:
| Autor Principal: | |
|---|---|
| Formato: | Libro |
| Idioma: | English |
| Publicado: |
Berlin :
Springer,
c2003.
|
| Edición: | The 3rd millennium ed., rev. and expanded. |
| Series: | Springer monographs in mathematics,
|
| Materias: | |
| Etiquetas: |
Agregar Etiqueta
Sin Etiquetas, Sea el primero en etiquetar este registro!
|
| LEADER | 00739cam a2200229 a 4500 | ||
|---|---|---|---|
| 001 | MAT.inmabb004024 | ||
| 008 | 020812s2003####gw#######b####001#0#eng## | ||
| 005 | 20130404150421.0 | ||
| 245 | 1 | 0 | |a Set theory / |c Thomas Jech. |
| 250 | |a The 3rd millennium ed., rev. and expanded. | ||
| 260 | |a Berlin : |b Springer, |c c2003. | ||
| 300 | |a xiii, 769 p. ; |c 24 cm. | ||
| 440 | 0 | |a Springer monographs in mathematics, |x 1439-7382 | |
| 504 | |a Incluye referencias bibliográficas (p. [707]-732) e índices. | ||
| 510 | 4 | |a MR, |c 2004g:03071 | |
| 020 | |a 3540440852 | ||
| 100 | 1 | |a Jech, Thomas J. | |
| 650 | 0 | |a Set theory. | |
| 084 | |a 03Exx (03-01 03-02) |2 msc2000 | ||
| 010 | |a 2002030443 | ||
| 040 | |a DLC |c DLC |d DLC | ||
| 859 | |h 03 |i J44-3 |p A-8422 |b BIB. MATEMATICA | ||
